Baldur's Gate III - Actors to Characters - Statistics

General Stats
  • This quiz has been taken 16 times
  • The average score is 12 of 16
Answer Stats
Hint Answer % Correct
Neil Newbon Astarion
92%
Tim Downie Gale
92%
Samantha Beart Karlach
92%
Devora Wilde Lae'zel
92%
Amelia Tyler Narrator
92%
Jennifer English Shadowheart
92%
Theo Solomon Wyll
92%
Dave Jones Halsin
85%
Emma Gregory Minthara
85%
Tracy Wiles Jaheira
77%
Matthew Mercer Minsc
77%
Maggie Robertson Orin
77%
Jason Isaacs Gortash
69%
JK Simmons Ketheric
69%
Scott Joseph The Emperor
31%
Cissy Jones The Absolute
15%
No matching quizzes found
Score Distribution
Percent of People with Each Score
Percentile by Number Answered
Your Score History
You have not taken this quiz